Tranvías de Madrid / (Record no. 197654)

MARC details
000 -LEADER
campo de control de longitud fija 01331nam a2200373 i 4500
001 - NÚMERO DE CONTROL
campo de control 197654
003 - IDENTIFICADOR DE NÚMERO DE CONTROL
campo de control ES-MaACL
005 - FECHA Y HORA DE LA ÚLTIMA TRANSACCIÓN
campo de control 20250825062711.0
007 - CAMPO FIJO DE DESCRIPCIÓN FÍSICA--INFORMACIÓN GENERAL
campo de control de longitud fija ta
008 - DATOS DE LONGITUD FIJA--INFORMACIÓN GENERAL
campo de control de longitud fija 950922s1993 sp ao 000 0 spa d
017 ## - NÚMERO DE COPYRIGHT O DE DEPÓSITO LEGAL
Número de copyright o de depósito legal M 5004-1993
Agencia que asigna Oficina Depósito Legal Madrid
020 ## - NÚMERO INTERNACIONAL ESTÁNDAR DEL LIBRO
Número Internacional Estándar del Libro 8486629659
035 ## - NÚMERO DE CONTROL DEL SISTEMA
Número de control de sistema CSIC000507374
035 ## - NÚMERO DE CONTROL DEL SISTEMA
Número de control de sistema (ES-MaCSI)000507374MAD01-Aleph
035 ## - NÚMERO DE CONTROL DEL SISTEMA
Número de control de sistema (OCoLC)911636884
035 ## - NÚMERO DE CONTROL DEL SISTEMA
Número de control de sistema 990005073740204201
040 ## - FUENTE DE CATALOGACIÓN
Centro catalogador/agencia de origen ES-MaCSI
Lengua de catalogación spa
Centro/agencia transcriptor VL
080 ## - NÚMERO DE LA CLASIFICACIÓN DECIMAL UNIVERSAL
Número de la Clasificación Decimal Universal 656.34(091)(460.27)"1871/1972"
100 1# - ENTRADA PRINCIPAL--NOMBRE DE PERSONA
Nombre de persona López Bustos, Carlos
9 (RLIN) 73473
Término indicativo de función/relación Autor
245 10 - MENCIÓN DEL TÍTULO
Título Tranvías de Madrid /
Mención de responsabilidad, etc. Carlos López Bustos.
260 ## - PUBLICACIÓN, DISTRIBUCIÓN, ETC.
Lugar de publicación, distribución, etc. [Madrid] :
Nombre del editor, distribuidor, etc. Aldaba,
Fecha de publicación, distribución, etc. 1993.
300 ## - DESCRIPCIÓN FÍSICA
Extensión 287 p., [13] p. :
Otras características físicas il., fot. ;
Dimensiones 30 cm.
336 ## - TIPO DE CONTENIDO
Fuente rdacontent
Término de tipo de contenido texto
337 ## - TIPO DE MEDIO
Fuente rdamedia
Nombre/término del tipo de medio sin mediación
338 ## - TIPO DE SOPORTE
Fuente rdacarrier
Nombre/término del tipo de soporte volumen
650 #7 - PUNTO DE ACCESO ADICIONAL DE MATERIA--TÉRMINO DE MATERIA
Término de materia o nombre geográfico como elemento de entrada Tranvías-
Subdivisión geográfica Madrid
9 (RLIN) 159105
655 #7 - TERMINO DE INDIZACIÓN--GENERO/FORMA
Fuente del término tgfbne
Datos o término principal de género/forma Libros ilustrados
9 (RLIN) 193653
852 ## - LOCALIZACIÓN
Ubicación ES-MaACL
Ubicación en estantería Depósito 1
Número de control de estantería A-15731
Donativo/Legado Donación: Fernando Codina Rodríguez
Encuadernación Encuadernación cartoné con sobrecubiertas
itemnumber 206089
903 ## - NOMBRE PERSONAL DE DONANTE
a Codina Rodríguez, Fernando
e Donante
9 238631
942 ## - ELEMENTOS DE ENTRADA SECUNDARIOS (KOHA)
Suprimir en OPAC No
Tipo de ítem Koha Libro impreso
Holdings
Estatus retirado Estado de pérdida Fuente del sistema de clasificación o colocación Estado de daño No para préstamo Biblioteca de origen Biblioteca actual Ubicación en estantería Fecha de adquisición Fuente de adquisición Total de préstamos Signatura topográfica completa Visto por última vez Precio de reemplazo Tipo de ítem Koha
    Clasificación decimal universal     Biblioteca del Ateneo de Madrid Biblioteca del Ateneo de Madrid Depósito 1 25/06/2025 Donación   A-15731 25/06/2025 25/06/2025 Libro impreso